Több televíziós vevőkészülék működik rövidesen Szegeden felszerelték az Állami Áruház készülékének antennáját
Elmentve itt :
| Dokumentumtípus: | Cikk |
|---|---|
| Megjelent: |
1958-03-22
|
| Sorozat: | Délmagyarország
|
| Kulcsszavak: | Televízió Szeged 1958 |
| Online Access: | http://dmarchiv.bibl.u-szeged.hu/53705 |
| LEADER | 00500nab a2200145 i 4500 | ||
|---|---|---|---|
| 001 | delm53705 | ||
| 005 | 20180927141918.0 | ||
| 008 | 180927s1958 hu o 0|| hun d | ||
| 040 | |a SZTE Délmagyarország Archívum |b hun | ||
| 041 | |a hun | ||
| 245 | 0 | 0 | |a Több televíziós vevőkészülék működik rövidesen Szegeden |h [elektronikus dokumentum] : |b felszerelték az Állami Áruház készülékének antennáját |
| 260 | |c 1958-03-22 | ||
| 300 | |a 5 | ||
| 490 | 0 | |a Délmagyarország | |
| 695 | |a Televízió Szeged 1958 | ||